00825nam a2200229Ia 450000500170000000800410001702000180005804100120007608200150008810000220010324500860012526000680021130000210027965000200030065000140032065000200033465000250035470000170037994200070039699900170040395201750042020260429112213.0260429s9999||||xx |||||||||||||| ||und|| a9789811278259 aEnglish a572.8bPET aPetoukhov, Sergey 0aAlgebraic biology, matrix genetics, and genetic intelligence / cSergey Petoukhov aSingapore : bWorld Scientific Publishing Co. Pte. Ltd.,c2024. axxix, 585 p.; hb a Bioinformatics a Genetics a Matrix algebra aMathematical biology a He, Matthew cTB c52878d52878 001040708NFICaCUTNbCUTNc500d2026-04-29eFeel Books, Chennai - Invoice No. BLR/CRB/25-26/619 on 27-02-2026l0o572.8 PETp58012r2026-04-29 11:22:13w2026-04-29yTB